000 03913nam0a2200457 4500
001 RU\NLR\BIBL_A\010860040
005 20260409080415.0
010 _a978-5-7904-1899-0
_9110
021 _aRU
_b2015-67201
_94021
035 _a(NILC)RuMoRGB-008011673
035 _a(NLR Aleph) 010860040
090 _a10416342
_c10416342
100 _a20151013d2014 |||y0rusy50 ca
101 0 _arus
102 _aRU
105 _aac||z|||100yy
200 1 _aМеждународный образовательный форум "Алтай - Азия 2014: Евразийское образовательное пространство - новые вызовы и лучшие практики", 25-26 сентября 2014 г., Барнаул
_eсборник материалов
210 _aБарнаул
_cИзд-во Алтайского государственного университета
_d2014
215 _a379 с., [6] л. цв. ил., портр.
_cил., табл.
_d29
300 _aЗагл. обл.: II Международный образовательный форум "Алтай - Азия 2014: Евразийское образовательное пространство - новые вызовы и лучшие практики", 25-26 сентября 2014 г., Барнаул
300 _aВ надзаг.: М-во образования и науки Российской Федерации, Администрация Алтайского края, Ассоц. Азиатских ун-тов, ФГБОУ ВПО "Алтайский гос. ун-т"
309 _aНа тит. л. и обл. пунктуационные знаки указаны с опечатками
320 _aБиблиогр. в конце ст.
512 1 _aII Международный образовательный форум "Алтай - Азия 2014: Евразийское образовательное пространство - новые вызовы и лучшие практики"
517 1 _aЕвразийское образовательное пространство - новые вызовы и лучшие практики
606 _aВысшее образование
_xИнновации
_jСъезды, совещания и т.п
_3RU\NLR\AUTH\6601752542
_92664515
606 1 _aВысшие учебные заведения
_jСъезды, совещания и т.п
_xМеждународное сотрудничество
_yРоссийская Федерация
_92300929
_3RU\NLR\AUTH\661377567
606 1 _aВысшие учебные заведения
_jСъезды, совещания и т.п
_xМеждународное сотрудничество
_yАзиатские страны
_92546922
_3RU\NLR\AUTH\6601720698
610 0 _aобразование в Российской Федерации
610 0 _aобразование в Алтайском крае
675 _a37.0
686 1 _aЧ481.2я431
686 1 _aЧ484(2Р)7ж.я431
686 1 _aЧ484(5)7ж.я431
710 1 2 _a"Алтай - Азия 2014: Евразийское образовательное пространство - новые вызовы и лучшие практики", международный образовательный форум
_d2
_eБарнаул
_9487891
_3RU\NLR\AUTH\880411165
801 0 _aRU
_bРГБ
_c20150903
_gRCR
942 _cBOOK
980 _aNBR
980 _aNB